Les pays les plus petits de l'Union Européenne - Statistiques

Statistiques générales
  • Ce quiz a été pris 157 fois
  • Le résultat moyen est 8 sur 10
Statistiques - réponses
Hint Réponse % Correct
2 586 km² Luxembourg
93%
30 528 km² Belgique
84%
316 km² Malte
81%
41 543 km² Pays-Bas
79%
45 228 km² Estonie
77%
56 594 km² Croatie
75%
49 035 km² Slovaquie
70%
20 273 km² Slovénie
70%
9 251 km² Chypre
68%
43 094 km² Danemark
68%
Aucun quiz correspondant
Distribution des résultats
% des personnes avec chaque résultat
Percentile par nombre de réponses
Votre historique - résultats
Vous n’avez pas pris ce quiz